Los 10 países con mayor número de gatos - Estadísticas

Estadísticas generales
  • Esta prueba ha sido intentada 58 veces
  • La puntuación promedio es 2 de 10
Estadísticas de respuestas
Hint Respuesta % Correcto
63M China
32%
94M Estados Unidos
32%
7M Italia
24%
23M Rusia
24%
12M Japon
21%
23M Brasil
18%
13M Francia
18%
10M Alemania
11%
8,5M Canada
8%
9M Reino Unido
8%
No se encontraron pruebas coincidentes
Distribución de puntuación
Porcentaje de gente con cada puntuación
Porcentaje por número respondido
Historial de tus puntuaciones
No has intentado esta prueba.